| 000 | 00678nam a22002177a 4500 | ||
|---|---|---|---|
| 001 | 0011754 | ||
| 003 | DO-SdBNP | ||
| 005 | 20180212091515.0 | ||
| 007 | 0011754 | ||
| 008 | 161114b 1978 cu||||| |||| 00| 0 spa d | ||
| 040 |
_aBPMSU _bspa _cBPMSU |
||
| 082 |
_axxxxxxxxxx _bxxxxxxxxxx |
||
| 100 | 1 | _aBarnet, Miguel | |
| 245 | 1 |
_aAkeké y la jutía / _cMiguel Barnet ; ilustraciones Enrique Martínez ; edición Ofelia Llenín del Alcázar |
|
| 260 |
_aCuba : _bGente nueva, _c1978. |
||
| 700 | 1 |
_aMartínez, Enrique, _eil., |
|
| 700 | 1 |
_aLlenín del Alcázar, Ofelia, _eed. |
|
| 942 |
_2ddc _cBK |
||
| 945 | _ainventariado, 2018 7 dg | ||
| 956 |
_aBTAVÁREZ _b10 _c20161114 _d0011754 |
||
| 999 |
_c11940 _d11940 |
||